00668ngm a2200145 i 4500001001100000003000500011005001700016008004100033040002500074245002000099264012100119500024400240700001100484700002700495C2-0343749PPAK20180727222822.0171122s2017 cc |||| ||||| | vleng d aPPAKbengcPPAKerda00aRailroad tigers 1aChina; Kuala Lumpur : bShanghai Film Group; Golden Satellite Distribution Sdn. Bhd. (Malaysia Distributor) , c2017 aSummary : In this action comedy caper reminiscent of Jackie Chan's classic Hong Kong films, a railroad worker and his ragtag group of freedom fighters find themselves on the wrong side of the tracks when they decide to ambush a heavily arm eauthor1 aDing, Sheng, ecompile